000 01091cas a2200289 a 4500
005 20170424124341.0
008 061129c19729999cauar1p rnn 0 a0eng d
022 0 _a0084-6570
040 _aDLC
_cDLC
_dOCoLC
_dDLC
_dNST
_dOCoLC
_dNST
_dOCoLC
_dAIP
_dNSDP
_dNST
_dDLC
_dMH
_dMCM
_dDLC
_dGU
_dCU-S
_dInU
_dMCM
_dMH
_dOCoLC
_dGU
_dDNLM
_dDLC
_dOCoLC
_dNSDP
_dOCoLC
_dCO-BoPUJ
_dCO-BoIAVH
041 0 _aeng
044 _axxu
090 _aSE
245 0 0 _aAnnual review of anthropology /
_ceditor Bernard J. Siegel ; editor asicado Alan R. Beals
260 _aPalo Alto, California
_bAnnual Reviews
_c1972-.
300 _c23 x 16 cm.
310 _b1972-
_aa
500 _aDescripción basada en : Vol. 19 (1990).
504 _aIncluye referencias bibliográficas.
510 0 _aEbsco host
510 2 _aJSTOR,
_b1972-2000
510 2 _aWilsonWeb,
_b1994-2005.
650 2 6 _aAntropología
_vPublicaciones periódicas
650 2 6 _aCiencias sociales
_vPublicaciones periódicas
700 1 _aSiegel, Bernard J.
_eeditor
_981076
700 1 _aBeals, Alan R.
_eeditor
_981077
942 _2z
_cREVISTA
999 _c16691
_d16691